000 01269nam2a2200241 4500
001 RU\NLR\BIBL_A\022684543
005 20260408145717.0
035 _a(NLR Aleph) 022684543
090 _a13502871
_c13502871
100 _a20251210d2025 u y0rusy50 ca
101 0 _arus
102 _aRU
200 1 _aГосударство и граждане в электронной среде
_e[материалы VIII Международной конференции по электронному управлению DTGS, 2025 год, город Санкт-Петербург]
210 _d2025
461 0 _1001RU\NLR\Per\917547
_12001#$aPolitBook$v2025, 3
_93078545
_cЧебоксары
_d2012 -
_nНИИ общественных и политических наук
_tPolitBook
_x2227-1538
_v2025, 3
606 1 _aИнформационные технологии
_jСборники
_xПолитологический аспект
_92301586
_3RU\NLR\AUTH\661377928
686 1 _aФ011.4я43
711 1 2 _aМеждународная конференция по электронному управлению DTGS
_d8
_f2025
_eСанкт-Петербург
_3RU\NLR\AUTH\880636356
_92689896
852 _aNLR
_jП22/9504
942 _cISSUE
980 _aRUSPER
980 _aNB